Kliknij powiaty województwa mazowieckiego na mapie - Statystyki

Ogólne statystyki
  • Ten quiz został rozwiązany 3 208 razy
  • Średni wynik to 23 z 42
Odpowiedzi na mapie
Odpowiedzi zakodowano w zielono-czerwonej skali na mapie do tego quizu, zgodnie z poniższymi procentami.
 
Statystyki odpowiedzi
Odpowiedź % Poprawnych
Warszawa
85%
radomski
82%
Radom
80%
płocki
78%
Płock
76%
siedlecki
76%
warszawski-zachodni
74%
Siedlce
73%
ostrołęcki
72%
Ostrołęka
67%
wołomiński
62%
legionowski
61%
piaseczyński
61%
pruszkowski
60%
otwocki
59%
grójecki
52%
miński
52%
płoński
49%
garwoliński
48%
łosicki
48%
sochaczewski
48%
nowodworski
47%
wyszkowski
47%
żyrardowski
47%
mławski
46%
sokołowski
46%
ciechanowski
44%
gostyniński
44%
kozienicki
44%
ostrowski
44%
pułtuski
44%
sierpecki
44%
grodziski
43%
węgrowski
43%
przasnyski
41%
szydłowiecki
40%
białobrzeski
39%
makowski
39%
przysuski
39%
lipski
36%
żuromiński
36%
zwoleński
36%
Nie znaleziono quizów pasujących do podanych kryteriów
Rozkład punktacji
Procent ludzi z każdym wynikiem
Percentyl według liczby udzielonych odpowiedzi
Twoja historia wyników
Nie rozwiązałeś tego quizu